The Economic of tropical farmi ng system (Record no. 41762)

MARC details
000 -LEADER
fixed length control field 00419nam a2200145Ia 4500
082 ## - DEWEY DECIMAL CLASSIFICATION NUMBER
Classification number 338.43.01(100.23)
Item number UPT
100 ## - MAIN ENTRY--AUTHOR NAME
Personal name Upton, Martin
245 #4 - TITLE STATEMENT
Title The Economic of tropical farmi ng system
260 ## - PUBLICATION, DISTRIBUTION, ETC. (IMPRINT)
Place of publication Great Britain
Name of publisher Cambridge University Press
Year of publication 1996
650 ## - SUBJECT ADDED ENTRY--TOPICAL TERM
Topical Term Farm planning
650 ## - SUBJECT ADDED ENTRY--TOPICAL TERM
Topical Term Farming system
650 ## - SUBJECT ADDED ENTRY--TOPICAL TERM
Topical Term Rural resource economics
942 ## - ADDED ENTRY ELEMENTS (KOHA)
Koha item type Books
Holdings
Withdrawn status Lost status Damaged status Not for loan Home library Current library Date acquired Cost, normal purchase price Full call number Accession Number Koha item type
        RRII Library RRII Library 16/12/2021 295.00 338.43.01(100.23) UPT 22048 Books